Wszystkie flagi Polski - Statystyki

Ogólne statystyki
  • Ten quiz został rozwiązany 54 razy
    51 od ostatniego zresetowania
  • Średni wynik to 5 z 8
Statystyki odpowiedzi
Obrazkowy Hint Odpowiedź % Poprawnych
966-1569 Królestwo Polskie
91%
1569-1795 Rzeczpospolita Obojga Narodów
91%
1807-1815 Księstwo Warszawskie
71%
1945-1989 PRL
69%
1918-1939 II Rzeczpospolita
60%
1989-obecnie III Rzeczpospolita
54%
1939-1945 Generalne Gubernatorstwo
46%
1815-1832 Królestwo Kongresowe
40%
Nie znaleziono quizów pasujących do podanych kryteriów
Rozkład punktacji
Procent ludzi z każdym wynikiem
Percentyl według liczby udzielonych odpowiedzi
Twoja historia wyników
Nie rozwiązałeś tego quizu od ostatniego zresetowania